<?xml version="1.0" encoding="UTF-8"?><?xml-stylesheet type="text/xsl" href="static/style.xsl"?><OAI-PMH xmlns="http://www.openarchives.org/OAI/2.0/" xmlns:xsi="http://www.w3.org/2001/XMLSchema-instance" xsi:schemaLocation="http://www.openarchives.org/OAI/2.0/ http://www.openarchives.org/OAI/2.0/OAI-PMH.xsd"><responseDate>2026-06-03T14:37:17Z</responseDate><request verb="GetRecord" identifier="oai:riuma.uma.es:10630/29010" metadataPrefix="marc">https://riuma.uma.es/rest/oai/request</request><GetRecord><record><header><identifier>oai:riuma.uma.es:10630/29010</identifier><datestamp>2026-02-03T11:36:35Z</datestamp><setSpec>com_10630_2254</setSpec><setSpec>col_10630_37953</setSpec></header><metadata><record xmlns="http://www.loc.gov/MARC21/slim" xmlns:dcterms="http://purl.org/dc/terms/" xmlns:doc="http://www.lyncode.com/xoai" xmlns:xsi="http://www.w3.org/2001/XMLSchema-instance" xsi:schemaLocation="http://www.loc.gov/MARC21/slim http://www.loc.gov/standards/marcxml/schema/MARC21slim.xsd">
   <leader>00925njm 22002777a 4500</leader>
   <datafield ind2=" " ind1=" " tag="042">
      <subfield code="a">dc</subfield>
   </datafield>
   <datafield ind2=" " ind1=" " tag="720">
      <subfield code="a">Fernández-Jiménez, Miguel Ángel</subfield>
      <subfield code="e">author</subfield>
   </datafield>
   <datafield ind2=" " ind1=" " tag="720">
      <subfield code="a">Mena-Rodríguez, Esther</subfield>
      <subfield code="e">author</subfield>
   </datafield>
   <datafield ind2=" " ind1=" " tag="720">
      <subfield code="a">Jiménez Perona, Mª Inmaculada</subfield>
      <subfield code="e">author</subfield>
   </datafield>
   <datafield ind2=" " ind1=" " tag="260">
      <subfield code="c">2021</subfield>
   </datafield>
   <datafield ind2=" " ind1=" " tag="520">
      <subfield code="a">A modo de introducción se puede destacar que la declaración del estado de alarma en España ocasionada por el COVID-19 trajo consigo la suspensión de la enseñanza presencial dando paso a una enseñanza “online” para la que muchas Universidades no estaban preparadas. El objetivo de este trabajo es analizar y describir, desde la perspectiva del profesorado, la transformación que se está produciendo como resultado del cambio de la presencialidad a la enseñanza online en la Universidad pública presencial como consecuencia del COVID´19. Se ha utilizado una metodología de tipo cualitativa a través de la técnica Delphi para dar respuesta al objetivo planteado con expertos de 8 universidades españolas. Los resultados mostraron carencias y dificultades en el proceso de adaptación a la teleformación debido entre otros factores a la rapidez con la que se tuvo que actuar para adaptar el proceso de enseñanza y aprendizaje. En las conclusiones finales se incluyen propuestas pedagógicas de mejora que deben servir para prevenir futuras situaciones como la que se vive actualmente</subfield>
   </datafield>
   <datafield ind1="8" ind2=" " tag="024">
      <subfield code="a">Fernández-Jiménez M. Á., Mena Rodríguez E. y Jiménez-Perona M. I. (2021). Transformación de la Universidad pública como consecuencia del COVID´19. Perspectiva del profesorado a través del método Delphi. Revista Complutense de Educación, 32(3), 439-449. https://doi.org/10.5209/rced.70477</subfield>
   </datafield>
   <datafield ind1="8" ind2=" " tag="024">
      <subfield code="a">https://hdl.handle.net/10630/29010</subfield>
   </datafield>
   <datafield ind1="8" ind2=" " tag="024">
      <subfield code="a">10.5209/rced.70477</subfield>
   </datafield>
   <datafield tag="653" ind2=" " ind1=" ">
      <subfield code="a">Enseñanza - Innovaciones</subfield>
   </datafield>
   <datafield ind2="0" ind1="0" tag="245">
      <subfield code="a">Transformación de la Universidad pública como consecuencia del COVID´19. Perspectiva del profesorado a través del método Delphi</subfield>
   </datafield>
</record>
</metadata></record></GetRecord></OAI-PMH>